BSOP header

Illiteracy : (Record no. 50501)

MARC details
000 -LEADER
fixed length control field 00865cam a22002898a 4500
001 - CONTROL NUMBER
control field 14970250
005 - DATE AND TIME OF LATEST TRANSACTION
control field 20211116084711.0
008 - FIXED-LENGTH DATA ELEMENTS--GENERAL INFORMATION
fixed length control field 870706t19871987nyu b 001 0 eng
010 ## - LIBRARY OF CONGRESS CONTROL NUMBER
LC control number 87018392
020 ## - INTERNATIONAL STANDARD BOOK NUMBER
International Standard Book Number 0842822275
Terms of availability $11.95
020 ## - INTERNATIONAL STANDARD BOOK NUMBER
International Standard Book Number 9780842822275
Terms of availability $11.95
040 ## - CATALOGING SOURCE
Original cataloging agency DLC
Transcribing agency DLC
Modifying agency TXI
-- UtOrBLW
043 ## - GEOGRAPHIC AREA CODE
Geographic area code n-us---
100 1# - MAIN ENTRY--PERSONAL NAME
Personal name Harman, David,
Dates associated with a name 1944-
245 10 - TITLE STATEMENT
Title Illiteracy :
Remainder of title a national dilemma /
Statement of responsibility, etc David Harman.
260 ## - PUBLICATION, DISTRIBUTION, ETC. (IMPRINT)
Place of publication, distribution, etc New York :
Name of publisher, distributor, etc Cambridge,
Date of publication, distribution, etc c1987.
300 ## - PHYSICAL DESCRIPTION
Extent v, 113 pages ;
Dimensions 24 cm.
336 ## - CONTENT TYPE
Content Type Term text
Source rdacontent.
337 ## - MEDIA TYPE
Media Type Term unmediated
Source rdamedia.
338 ## - CARRIER TYPE
Carrier Type Term volume
Source rdacarrier.
500 ## - GENERAL NOTE
General note Includes index.
504 ## - BIBLIOGRAPHY, ETC. NOTE
Bibliography, etc Bibliography: pages 105-106.
650 #0 - SUBJECT ADDED ENTRY--TOPICAL TERM
Topical term or geographic name as entry element Literacy
Geographic subdivision United States.
650 #0 - SUBJECT ADDED ENTRY--TOPICAL TERM
Topical term or geographic name as entry element Functional literacy
Geographic subdivision United States.
904 ## - LOCAL DATA ELEMENT D, LDD (RLIN)
a This record loaded by table ltibib
942 ## - ADDED ENTRY ELEMENTS (KOHA)
Source of classification or shelving scheme Library of Congress Classification
Item type Books
Holdings
Withdrawn status Lost status Source of classification or shelving scheme Damaged status Not for loan Home library Current library Shelving location Date acquired Inventory number Total Checkouts Full call number Barcode Date last seen Price effective from Koha item type
    Library of Congress Classification     BSOP Library BSOP Library GC 11/16/2021 18839   LC151 H22 1987 00020538 11/16/2021 11/16/2021 Books
BSOP

Biblical Seminary of the Philippines
  All rights Reserved
  © 2024

CONTACT INFORMATION

Biblical Seminary of the Philippines,
  77-B Karuhatan Road, Valenzuela City,
  PHILIPPINES 1441
  Phone: +632 8292-6795 / 8292-6798
  Fax : +632 8292-6675
  Email: library@bsop.edu.ph